000 00596nam a2200205Ia 4500
001 9884
003 GE_BSU
008 181216s||||||||xx |||||||||||||| ||und||
040 _cGE_BSU
080 _a821.353.1-1
100 _aორბელიანი,ვახტანგ
245 _aლექსთა კრებული
245 _cრედ:რ. გვეტაძე
260 _aთბილისი.
260 _bსაბჭ.მწერალი.
260 _c1949.
300 _a172გვ;15სმ.
653 _aლექსთა კრებული
942 _cBK
999 _c43163
_d43163